| 000 | 00528nam a2200169 a 4500 | ||
|---|---|---|---|
| 001 | 1079 | ||
| 005 | 20140414131947.0 | ||
| 008 | 041020s19uu xx 00 eng d | ||
| 020 | _a0-7069-9159-1 | ||
| 050 |
_aTR 372.89 _bBe35 1994 |
||
| 245 |
_aBeyond my little world, 1 / _cillustrated by Poonam Bevli Sahi. |
||
| 260 |
_aNew Delhi : _bViaks Publishing House Pvt, _c1994. |
||
| 300 | _a72 p. : ill. ; cm. | ||
| 440 | _aStep-by-Step Series | ||
| 650 |
_aSocial studies _xJuvenile literature _xReproducibles. |
||
| 999 |
_c112708 _d112708 |
||